000 00760nam a2200253Ia 4500
003 OSt
005 20221005104534.0
006 a|||||r|||| 00| 0
007 ta
008 221004b |||||||| |||| 00| 0 hin d
024 _a27050
037 _cTextual
040 _aCRL
_cCRL
_bhin
041 _2hin
_ahin
082 _aO152,3N171,MV, K9
100 _aदेवराज
245 0 _aमैं वे और आप
246 _aMaian ve aur āpa
260 _aदिल्ली
_bराजकमल प्रकाशन भारत
_c1969
300 _a174पृ0
_ccm.
650 _aहिन्दी साहित्य
942 _hO152,3N171,MV, K9
_cTEXL
_2cc
999 _c1013026
_d1013026